Szczegóły MARC21

Modelowanie struktur organizacyjnych przedsiębiorstw handlu wewnętrznego.

005 -DATA I CZAS OSTATNIEJ MODYFIKACJI [,]
    • @
    • pole kontrolne
    • 20070315155141.9
040 -Instytucja sporządzająca opis [ , ]
    • a
    • Instytucja, która sporządziła opis (NP)
    • SZCZ U
    • c
    • Instytucja, która sporządziła rekord (NP)
    • SZCZ U
041 -Język dokumentu [0, ]
    • a
    • Język tekstu (P)
    • polski
    • h
    • Język tekstu oryginalnego i/lub pośredniego (P)
    • polski
942 -Rodzaj dokumentu [ , ]
    • c
    • Rodzaj dokumentu
    • Książka
100 -Hasło główne - nazwa osobowa [ , ]
    • a
    • Nazwa osobowa (NP)
    • BARAŃSKI KAZIMIERZ
245 -Strefa tytułu i oznaczenia odpowiedzialności [1, ]
    • a
    • Tytuł
    • Modelowanie struktur organizacyjnych przedsiębiorstw handlu wewnętrznego. Find
260 -Strefa adresu wydawniczego [ , ]
    • a
    • Miejsce wydania (P)
    • Szczecin :
    • b
    • Nazwa wydawcy (P)
    • Wydaw.Nauk.US,
    • c
    • Data wydania (P)
    • 1989.
300 -Strefa opisu fizycznego [ , ]
    • a
    • Określenie formy książki i/lub objętość (NP)
    • 90 s. :
    • b
    • Oznaczenie ilustracji (NP)
    • rys.[4]k.tabl. :
    • c
    • Format (NP)
    • 24 cm.
490 -Strefa serii i książki wielotomowej - forma nie do wyszukiwania [0, ]
    • a
    • Tytuł (P)
    • (Rozprawy i Studia / Uniwersytet Szczeciński ; Find
    • x
    • ISSN (NP)
    • 0860-2751)
    • v
    • Numeracja (P)
    • t.122,
500 -Uwaga ogólna [ , ]
    • a
    • Uwaga ogólna (NP)
    • Bibliogr
080 -Uniwersalna Klasyfikacja Dziesiętna [ , ]
    • a
    • Symbol klasyfikacji
    • 339.13
    • 9
    • UKD
    • 3291
    • 2
    • Identyfikator wydania tablic
    • UDC-P058
    • b
    • Dopowiedzenie
    • Rynek. Podaż. Popyt. Konkurencja. Środki oddziaływania na rynek. Polityka rynkowa.
080 -Uniwersalna Klasyfikacja Dziesiętna [ , ]
    • a
    • Symbol klasyfikacji
    • :338.22
080 -Uniwersalna Klasyfikacja Dziesiętna [ , ]
    • a
    • Symbol klasyfikacji
    • :658.6/.8.01
980 -Symbol UKD [ , ]
    • a
    • UKD
    • 339.13:338.22:658.6/.8.01
700 -Hasło dodatkowe - nazwa osobowa [ , ]
    • a
    • Nazwa osobowa (NP)
    • Karwowski Jan Find
Numer inwentarzowy Status udost. Data inwentaryzacji Lokalizacja
S.67470-32000-01-18BE
S.6747122000-01-18BE
S.6747222000-01-18BE
S.6747322000-01-18BE
S.6747422000-01-18BE
S.6747522000-01-18BE
S.6747622000-01-18BE
S.6747722000-01-18BE
S.6747822000-01-18BE
S.6747922000-01-18BE
S.6748022000-01-18BE
S.6748122000-01-18BE
S.6748222000-01-18BE
S.6748322000-01-18BE
S.6748422000-01-18BE
S.6748522000-01-18BE
S.6748622000-01-18BE
S.6748722000-01-18BE
S.6748822000-01-18BE
S.6748922000-01-18BE
S.6749022000-01-18BE
S.6749122000-01-18BE
S.6749222000-01-18BE
S.6749322000-01-18BE
S.6749422000-01-18BE
S.6749522000-01-18BE
S.6749622000-01-18BE
S.6749722000-01-18BE
S.6749822000-01-18BE
S.6749922000-01-18BE
S.6750022000-01-18BE
S.6750122000-01-18BE
S.6750222000-01-18BE
S.6750322000-01-18BE
S.6750422000-01-18BE
T.1751-22000-01-31T